| Tag |
First Indicator |
Second Indicator |
Subfields |
| LEADER |
00000cam a2200000 a 4500 |
| 001 |
in00000098030 |
| 005 |
20150924085503.0 |
| 008 |
820226s1981 caua b 10100 eng |
| 010 |
|
|
|a 81084179
|
| 035 |
|
|
|a (OCoLC)08283843
|
| 035 |
|
|
|9 AAK9393AM
|
| 039 |
0 |
|
|a 2
|b 3
|c 3
|d 3
|e 3
|
| 040 |
|
|
|a DLC
|c DLC
|d TXA
|d UtOrBLW
|
| 049 |
|
|
|a TXAM
|c [1197330]
|
| 050 |
0 |
0 |
|a QA76.6
|b T886
|
| 082 |
0 |
|
|a 001.64/2
|2 19
|
| 245 |
0 |
0 |
|a Tutorial, software design strategies :
|b initially presented at COMPSAC 81 /
|c [edited by] Glenn D. Bergland, Ronald D. Gordon.
|
| 250 |
|
|
|a 2nd ed.
|
| 264 |
|
1 |
|a New York, N.Y.[?] :
|b IEEE ;
|a Los Angeles, CA :
|b Order from IEEE Computer Society,
|c [1981]
|
| 264 |
|
4 |
|c ©1981
|
| 300 |
|
|
|a vi, 479 pages :
|b illustrations ;
|c 28 cm.
|
| 336 |
|
|
|a text
|b txt
|2 rdacontent
|
| 337 |
|
|
|a unmediated
|b n
|2 rdamedia
|
| 338 |
|
|
|a volume
|b nc
|2 rdacarrier
|
| 500 |
|
|
|a "IEEE catalog number EHO 184-2. IEEE Computer Society catalog number 389"--Cover.
|
| 504 |
|
|
|a Includes bibliographical references and indexes.
|
| 650 |
|
0 |
|a Computer programming.
|
| 700 |
1 |
|
|a Bergland, Glenn D.
|
| 700 |
1 |
|
|a Gordon, Ronald D.
|
| 711 |
2 |
|
|a COMPSAC 81
|d (1981 :
|c Chicago, Ill.)
|
| 999 |
|
|
|a MARS
|
| 999 |
f |
f |
|s 529cab07-3cfc-3e29-89ff-e80fc54852c5
|i 869b87f0-2f2c-3266-9d15-bfa434beae11
|t 0
|
| 952 |
f |
f |
|p ric
|a Texas A&M University
|b Rellis Campus
|c Joint Library Facility
|d Remote Storage
|t 0
|e QA76.6 T886
|h Library of Congress classification
|i unmediated -- volume
|m A14806021611
|
| 998 |
f |
f |
|a QA76.6 T886
|t 0
|l Remote Storage
|